[Event "España ch-2015 sub-16"]
[Site "Salobreña ESP"]
[Date "2015.07.24"]
[Round "7.35"]
[White "Garcia Martin, Marta"]
[Black "Rodriguez Izquierdo, Luis"]
[Result "1/2-1/2"]
[WhiteElo "2166"]
[BlackElo "1828"]
[PlyCount "60"]
[EventDate "2015.07.20"]
[EventType "swiss"]
[EventRounds "9"]
[EventCountry "ESP"]
[Source "lmi"]
[SourceDate "2015.07.20"]

1. e4 c5 2. Nf3 e6 3. c3 d5 4. exd5 Qxd5 5. d4 Nf6 6. Bd3 Be7 7. O-O O-O 8. Be3
cxd4 9. cxd4 b6 10. Nc3 Qd8 11. Qe2 Bb7 12. Rad1 Nc6 13. a3 Qb8 14. Bb1 Rd8 15.
Bg5 Nd5 16. Qe4 g6 17. Qh4 Bxg5 18. Nxg5 h5 19. Nxd5 Rxd5 20. Ne4 Qd8 21. Qxd8+
Rdxd8 22. d5 exd5 23. Nf6+ Kg7 24. Nxd5 Rd7 25. Ne3 Rad8 26. f3 Ne5 27. Rxd7
Rxd7 28. Rc1 Rd2 29. Rc2 Rd7 30. Rc1 Rd8 1/2-1/2

[Event "España ch-2015 sub-16"]
[Site "Salobreña ESP"]
[Date "2015.07.24"]
[Round "7.36"]
[White "Mari Copa, Adria"]
[Black "De La Pena Garcia, Blanca"]
[Result "1-0"]
[WhiteElo "2136"]
[BlackElo "1808"]
[PlyCount "71"]
[EventDate "2015.07.20"]
[EventType "swiss"]
[EventRounds "9"]
[EventCountry "ESP"]
[Source "lmi"]
[SourceDate "2015.07.20"]

1. e4 c5 2. Nf3 d6 3. Bb5+ Bd7 4. Bxd7+ Qxd7 5. c4 Nf6 6. Nc3 g6 7. O-O Bg7 8.
d4 cxd4 9. Nxd4 Nc6 10. Nde2 O-O 11. f3 Rfd8 12. Bg5 Ne5 13. b3 h6 14. Be3 Nc6
15. Qd2 Kh7 16. Rfd1 b6 17. Rac1 Qb7 18. Nd5 Nxd5 19. exd5 Ne5 20. h3 a5 21. a4
Nd7 22. Bd4 Nc5 23. Bxg7 Kxg7 24. Rc3 Re8 25. Re3 Qd7 26. Nd4 Rac8 27. f4 Nxa4
28. bxa4 Qxa4 29. f5 g5 30. f6+ Kxf6 31. Rf1+ Kg7 32. Nf5+ Kh7 33. Nxe7 Rxc4
34. Qd3+ Kg7 35. Rxf7+ Kxf7 36. Qg6+ 1-0

[Event "España ch-2015 sub-16"]
[Site "Salobreña ESP"]
[Date "2015.07.24"]
[Round "7.37"]
[White "Anton Quevedo, Andrea"]
[Black "Porlan Minarro, Antonio"]
[Result "0-1"]
[WhiteElo "1794"]
[BlackElo "2040"]
[PlyCount "72"]
[EventDate "2015.07.20"]
[EventType "swiss"]
[EventRounds "9"]
[EventCountry "ESP"]
[Source "lmi"]
[SourceDate "2015.07.20"]

1. e4 e6 2. d4 b6 3. Nf3 Bb7 4. Bd3 Nf6 5. Nbd2 c5 6. O-O cxd4 7. Nxd4 Bc5 8.
N4f3 d5 9. Qe2 Nc6 10. Nb3 Be7 11. Bf4 dxe4 12. Bxe4 Nxe4 13. Qxe4 Qc8 14. Qe2
f6 15. Rfe1 e5 16. Bd2 O-O 17. a3 Rd8 18. Bc3 Bf8 19. Rad1 Qc7 20. Nh4 Ne7 21.
Bb4 a5 22. Bxe7 Bxe7 23. c3 Bf8 24. Nd2 Qc6 25. Ndf3 g6 26. Qc2 Kg7 27. Nd2 Rd7
28. Re3 Rad8 29. Rg3 Kh8 30. Nhf3 Rd3 31. Qb3 Bh6 32. Rh3 Kg7 33. Rxh6 Kxh6 34.
Qc2 Kg7 35. h3 Qd6 36. Qb3 Bxf3 0-1

[Event "España ch-2015 sub-16"]
[Site "Salobreña ESP"]
[Date "2015.07.24"]
[Round "7.38"]
[White "Chao Vale, Fernando"]
[Black "Rebollo Montes, Bernardo"]
[Result "1-0"]
[WhiteElo "1937"]
[BlackElo "1718"]
[PlyCount "133"]
[EventDate "2015.07.20"]
[EventType "swiss"]
[EventRounds "9"]
[EventCountry "ESP"]
[Source "lmi"]
[SourceDate "2015.07.20"]

1. e4 d5 2. exd5 Qxd5 3. Nc3 Qa5 4. d4 Nf6 5. Nf3 Bf5 6. Bc4 e6 7. Bd2 c6 8.
Nd5 Qd8 9. Nxf6+ gxf6 10. Bb3 Nd7 11. Qe2 Qc7 12. O-O-O a5 13. a3 b5 14. Nh4
Bg6 15. Nxg6 hxg6 16. Rhe1 Bd6 17. d5 e5 18. dxc6 Qxc6 19. Be3 Rc8 20. Bd5 Qc7
21. Rd2 b4 22. a4 Nc5 23. Red1 Be7 24. Qc4 Rh7 25. Kb1 Kf8 26. Bxc5 Bxc5 27. h3
Bd4 28. Qe2 Qc5 29. Bb3 Rc7 30. Rf1 Kg7 31. Rd3 Rh8 32. f4 exf4 33. Rxf4 Qe5
34. Re4 Qg5 35. Rdxd4 Rhc8 36. Qd2 Qf5 37. Re1 Kh7 38. Rd3 Qc5 39. g4 Kg7 40.
h4 f5 41. Rd5 Qc6 42. gxf5 Re8 43. Rxe8 Qxe8 44. fxg6 fxg6 45. Rd8 Qe5 46. Qd4
Re7 47. Qxe5+ Rxe5 48. Rd4 Kf6 49. Kc1 g5 50. hxg5+ Rxg5 51. Rd6+ Ke7 52. Rd5
Rg1+ 53. Kd2 Rg2+ 54. Kd3 Rg4 55. Rxa5 Kd6 56. Rd5+ Kc6 57. Rd4 Rg7 58. Kc4 Rb7
59. Rh4 Rb8 60. Rh6+ Kc7 61. Rh5 Kc6 62. Rc5+ Kd6 63. Rb5 Rh8 64. Kxb4 Rh4+ 65.
c4 Kc6 66. a5 Rh7 67. Bd1 1-0

[Event "España ch-2015 sub-16"]
[Site "Salobreña ESP"]
[Date "2015.07.24"]
[Round "7.39"]
[White "Rodriguez Sanz, Ismael"]
[Black "Puga Sanchez, Miguel"]
[Result "1/2-1/2"]
[WhiteElo "1816"]
[BlackElo "1904"]
[PlyCount "117"]
[EventDate "2015.07.20"]
[EventType "swiss"]
[EventRounds "9"]
[EventCountry "ESP"]
[Source "lmi"]
[SourceDate "2015.07.20"]

1. d4 d5 2. Nf3 Nf6 3. e3 e6 4. Bd3 Be7 5. O-O O-O 6. b3 c5 7. dxc5 a5 8. Bb2
Nbd7 9. Nbd2 Nxc5 10. Be2 Nfe4 11. c4 Bf6 12. Nxe4 dxe4 13. Bxf6 Qxf6 14. Nd2
b6 15. Qc2 Qe5 16. Rad1 Bb7 17. Nb1 Bc6 18. Qc3 Qc7 19. f3 exf3 20. Bxf3 Bxf3
21. gxf3 Rad8 22. a3 Qb7 23. Rd4 Rd7 24. b4 axb4 25. axb4 Na6 26. Rfd1 Rfd8 27.
e4 Qc7 28. Na3 Rxd4 29. Rxd4 Rxd4 30. Qxd4 Nxb4 31. Nb5 Qc5 32. Kf2 Qxd4+ 33.
Nxd4 Nd3+ 34. Ke3 Ne5 35. Nb3 Nxc4+ 36. Kd4 Nd6 37. e5 Nf5+ 38. Kc4 Nh4 39. Nd2
Ng6 40. Kd4 Ne7 41. f4 Nd5 42. f5 Kf8 43. fxe6 fxe6 44. Ne4 Kf7 45. Ng5+ Ke7
46. Nxh7 Nf4 47. Ng5 Ne2+ 48. Kc4 Nf4 49. Kd4 Nd5 50. Kc4 Kd7 51. Kb5 Ne3 52.
Kxb6 Nc4+ 53. Kc5 Nxe5 54. Kd4 Ng6 55. Ke4 Ke7 56. Nf3 Kf6 57. h4 Ne7 58. Ne5
Nf5 59. Nf3 1/2-1/2

[Event "España ch-2015 sub-16"]
[Site "Salobreña ESP"]
[Date "2015.07.24"]
[Round "7.40"]
[White "Guerrero Mendez, Jesus"]
[Black "Cirera Sancho, Alberto"]
[Result "0-1"]
[WhiteElo "1768"]
[BlackElo "1903"]
[PlyCount "74"]
[EventDate "2015.07.20"]
[EventType "swiss"]
[EventRounds "9"]
[EventCountry "ESP"]
[Source "lmi"]
[SourceDate "2015.07.20"]

1. e4 c5 2. c4 Nc6 3. Nc3 g6 4. g3 Bg7 5. Bg2 d6 6. Nge2 Nf6 7. d3 O-O 8. O-O
a6 9. Rb1 Rb8 10. a4 Ne8 11. Be3 Nc7 12. Qd2 Ne5 13. h3 Bxh3 14. Bh6 Qd7 15.
Bxg7 Kxg7 16. Nf4 b5 17. f3 Bxg2 18. Kxg2 bxc4 19. Rh1 Rh8 20. Rh6 Ne6 21. dxc4
Nxc4 22. Nxe6+ Qxe6 23. Qf4 Qf6 24. Qc1 Nxb2 25. Nd5 Nd3 26. Rxb8 Nxc1 27. Nxf6
Rxb8 28. Ng4 Rb2+ 29. Kf1 f5 30. Rh2 Rb1 31. Ne3 Nd3+ 32. Kg2 Rb2+ 33. Kh3
Rxh2+ 34. Kxh2 fxe4 35. fxe4 Nf2 36. Nd5 Nxe4 37. Nxe7 c4 0-1

[Event "España ch-2015 sub-16"]
[Site "Salobreña ESP"]
[Date "2015.07.24"]
[Round "8.1"]
[White "Lopez Mulet, Iñigo"]
[Black "Plazuelo Pascual, Juan"]
[Result "1-0"]
[WhiteElo "2345"]
[BlackElo "2335"]
[PlyCount "85"]
[EventDate "2015.07.20"]
[EventType "swiss"]
[EventRounds "9"]
[EventCountry "ESP"]
[Source "lmi"]
[SourceDate "2015.07.20"]

1. d4 Nf6 2. c4 e6 3. g3 d5 4. Bg2 dxc4 5. Qa4+ Bd7 6. Qxc4 Bc6 7. Nf3 Bd5 8.
Qc2 Be4 9. Qb3 Bd5 10. Qd3 Be4 11. Qe3 c5 12. dxc5 Qa5+ 13. Nc3 Bc6 14. O-O
Nbd7 15. a3 Qxc5 16. Qxc5 Nxc5 17. b4 Nce4 18. b5 Bd5 19. Nxd5 exd5 20. Bb2 Bc5
21. Nd4 Nd2 22. Nf5 Nxf1 23. Nxg7+ Ke7 24. Kxf1 Rhd8 25. Nf5+ Ke6 26. Ng7+ Ke7
27. Nf5+ Ke6 28. Bh3 Ne4 29. Rd1 f6 30. f3 Ng5 31. Bg4 h5 32. Ng7+ Kf7 33. Nxh5
Rd6 34. Nxf6 Rxf6 35. Rxd5 Be7 36. Rxg5 Rxf3+ 37. Bxf3 Bxg5 38. Bxb7 Rd8 39.
Kf2 Be7 40. a4 Rd2 41. Bc3 Bc5+ 42. Kf3 Ra2 43. Ke4 1-0

[Event "España ch-2015 sub-16"]
[Site "Salobreña ESP"]
[Date "2015.07.24"]
[Round "8.2"]
[White "Domingo Nunez, Alejandro"]
[Black "Domingo Nunez, Ruben"]
[Result "0-1"]
[WhiteElo "2197"]
[BlackElo "2205"]
[PlyCount "84"]
[EventDate "2015.07.20"]
[EventType "swiss"]
[EventRounds "9"]
[EventCountry "ESP"]
[Source "lmi"]
[SourceDate "2015.07.20"]

1. e4 e6 2. d3 d5 3. Nd2 Nf6 4. Ngf3 Nc6 5. g3 dxe4 6. dxe4 e5 7. Bg2 Bc5 8.
O-O O-O 9. c3 a5 10. h3 b6 11. Qa4 Bd7 12. Qc2 Qc8 13. Kh2 Qa6 14. Nb3 Be7 15.
Be3 Be6 16. Rfd1 Bc4 17. Bf1 Bxf1 18. Rxf1 Ne8 19. Rad1 Nd6 20. Nbd2 Kh8 21.
Kg2 Rae8 22. Rfe1 Bd8 23. Nf1 Re6 24. Bc1 Qb7 25. Ne3 g6 26. Nd5 f5 27. exf5
Rxf5 28. c4 Re8 29. Re3 Ref8 30. g4 Nd4 31. Nxd4 Rxf2+ 32. Qxf2 Rxf2+ 33. Kxf2
exd4 34. Rxd4 c5 35. Rf4 Bh4+ 36. Ke2 Bg5 37. Ree4 Bxf4 38. Rxf4 Nxc4 39. Rxc4
Qxd5 40. Rf4 Qg2+ 41. Kd3 Qxh3+ 42. Kc4 g5 0-1

[Event "España ch-2015 sub-16"]
[Site "Salobreña ESP"]
[Date "2015.07.24"]
[Round "8.3"]
[White "Nieves Cabanes, Jose Manuel"]
[Black "Santos Ruiz, Miguel"]
[Result "1-0"]
[WhiteElo "2180"]
[BlackElo "2329"]
[PlyCount "67"]
[EventDate "2015.07.20"]
[EventType "swiss"]
[EventRounds "9"]
[EventCountry "ESP"]
[Source "lmi"]
[SourceDate "2015.07.20"]

1. d4 e6 2. c4 b6 3. Nc3 Bb4 4. e3 Bb7 5. Nge2 f5 6. a3 Bxc3+ 7. Nxc3 Nf6 8. f3
O-O 9. Bd3 d6 10. O-O c5 11. d5 Qe7 12. e4 fxe4 13. fxe4 Nbd7 14. Bf4 Rf7 15.
Qd2 e5 16. Be3 Nf8 17. b4 Ng6 18. Be2 Raf8 19. Rf2 Bc8 20. Raf1 h6 21. h3 Kh7
22. Kh2 Nh4 23. bxc5 bxc5 24. Bd3 g5 25. Ne2 Rg8 26. Ng3 g4 27. Nh5 Rg6 28.
Rxf6 Rfxf6 29. Nxf6+ Rxf6 30. Rxf6 Qxf6 31. hxg4 Bxg4 32. Qf2 Qe7 33. Be2 Bc8
34. Bc1 1-0

[Event "España ch-2015 sub-16"]
[Site "Salobreña ESP"]
[Date "2015.07.24"]
[Round "8.4"]
[White "Bayo Milagro, Alvaro"]
[Black "Lopez Rivera, Jesus"]
[Result "0-1"]
[WhiteElo "2109"]
[BlackElo "2163"]
[PlyCount "60"]
[EventDate "2015.07.20"]
[EventType "swiss"]
[EventRounds "9"]
[EventCountry "ESP"]
[Source "lmi"]
[SourceDate "2015.07.20"]

1. e4 c5 2. Nf3 d6 3. d4 cxd4 4. Nxd4 Nf6 5. Nc3 a6 6. Be3 e5 7. Nb3 Be7 8. h3
O-O 9. Qf3 b5 10. O-O-O Bb7 11. g4 b4 12. Nd5 Nxd5 13. exd5 Nd7 14. Kb1 Nf6 15.
g5 e4 16. Qf5 g6 17. gxf6 gxf5 18. fxe7 Qxe7 19. Bh6 Kh8 20. Bxf8 Rxf8 21. Rd4
Qe5 22. Rxb4 Bxd5 23. Bxa6 e3 24. Re1 Bxb3 25. Rxe3 Bxa2+ 26. Kxa2 Qa5+ 27. Kb3
Qxa6 28. c4 Qc6 29. Rb5 Rc8 30. Rc3 f4 0-1

[Event "España ch-2015 sub-16"]
[Site "Salobreña ESP"]
[Date "2015.07.24"]
[Round "8.5"]
[White "Portela Peleteiro, Alberto"]
[Black "Roldan Marques, Daniel"]
[Result "0-1"]
[WhiteElo "2105"]
[BlackElo "2145"]
[PlyCount "104"]
[EventDate "2015.07.20"]
[EventType "swiss"]
[EventRounds "9"]
[EventCountry "ESP"]
[Source "lmi"]
[SourceDate "2015.07.20"]

1. e4 e5 2. Nf3 Nc6 3. Nc3 g6 4. Bc4 Bg7 5. d3 Nge7 6. a3 O-O 7. h4 Nd4 8. h5
c6 9. hxg6 d5 10. Nxd4 exd4 11. Qh5 fxg6 12. Qxh7+ Kf7 13. Bh6 Rg8 14. Ba2 dxc3
15. O-O Qf8 16. exd5 Nxd5 17. Rfe1 Rh8 18. Qxg7+ Qxg7 19. Bxg7 Kxg7 20. bxc3
Kf6 21. c4 Nc7 22. Re3 Re8 23. Rae1 Rxe3 24. fxe3 Be6 25. Kf2 b5 26. Rb1 bxc4
27. Bxc4 Bxc4 28. dxc4 Ne6 29. Rb7 Ke5 30. Ke2 a5 31. c3 Kd6 32. g3 a4 33. Kf3
Ra5 34. g4 Nc7 35. Kf4 Ne6+ 36. Kf3 Ra6 37. Ke2 Ke5 38. Kf3 Kf6 39. Rb8 Nc5 40.
Kf4 Nb3 41. g5+ Ke6 42. Rb7 Nd2 43. Rg7 Nxc4 44. Rxg6+ Kf7 45. Rh6 Nxa3 46. e4
Nc4 47. e5 a3 48. Rh1 a2 49. Ra1 Nd2 50. Kf5 Nb3 51. g6+ Kg7 52. Rd1 Ra7 0-1

[Event "España ch-2015 sub-16"]
[Site "Salobreña ESP"]
[Date "2015.07.24"]
[Round "8.6"]
[White "Laiz Ibanez, Hector"]
[Black "Povill Claros, Xavier"]
[Result "1/2-1/2"]
[WhiteElo "2180"]
[BlackElo "2107"]
[PlyCount "93"]
[EventDate "2015.07.20"]
[EventType "swiss"]
[EventRounds "9"]
[EventCountry "ESP"]
[Source "lmi"]
[SourceDate "2015.07.20"]

1. Nf3 Nf6 2. g3 b5 3. Bg2 Bb7 4. O-O e6 5. d3 c5 6. e4 d6 7. Re1 Nbd7 8. Nbd2
Be7 9. c3 O-O 10. d4 Qc7 11. e5 Nd5 12. exd6 Bxd6 13. Ne4 Be7 14. Qc2 h6 15.
dxc5 Nxc5 16. Nd4 a6 17. Bd2 Rac8 18. Rac1 Rfd8 19. Nxc5 Bxc5 20. Nb3 Bb6 21.
Qe4 Ba8 22. Qh4 Ne7 23. Bxa8 Rxa8 24. Rcd1 Qa7 25. Qf4 Ng6 26. Qf3 Rd5 27. Be3
Bxe3 28. Qxe3 Qxe3 29. fxe3 Rad8 30. Rxd5 Rxd5 31. e4 Rd6 32. Kf2 Ne5 33. Re2
Nc4 34. Nd4 e5 35. Nf3 f6 36. b3 Nb6 37. Rd2 Rxd2+ 38. Nxd2 Kf7 39. Ke3 Ke6 40.
Kd3 g6 41. g4 f5 42. gxf5+ gxf5 43. exf5+ Kxf5 44. c4 bxc4+ 45. Nxc4 e4+ 46.
Ke3 Nd5+ 47. Kd4 1/2-1/2

[Event "España ch-2015 sub-16"]
[Site "Salobreña ESP"]
[Date "2015.07.24"]
[Round "8.7"]
[White "Escudero Manzano, Sergio"]
[Black "Palenciano Escolar, Adrian"]
[Result "1-0"]
[WhiteElo "2153"]
[BlackElo "2108"]
[PlyCount "131"]
[EventDate "2015.07.20"]
[EventType "swiss"]
[EventRounds "9"]
[EventCountry "ESP"]
[Source "lmi"]
[SourceDate "2015.07.20"]

1. e4 c5 2. Nf3 d6 3. d4 Nf6 4. Nc3 cxd4 5. Nxd4 a6 6. Bc4 e6 7. Bb3 Nbd7 8.
O-O Nc5 9. Qe2 b5 10. Rd1 Qc7 11. f4 b4 12. e5 dxe5 13. fxe5 Nxb3 14. axb3 bxc3
15. exf6 gxf6 16. bxc3 Rg8 17. Nb5 Qc6 18. Bf4 Bc5+ 19. Kf1 Bb7 20. Nc7+ Ke7
21. Nd5+ Qxd5 22. Rxd5 Bxd5 23. g3 Rgd8 24. Be3 Bd6 25. c4 Bc6 26. c5 Be5 27.
Rxa6 Bb7 28. Rxa8 Rxa8 29. Kf2 Ra2 30. c6 Bxc6 31. Qc4 Bd5 32. Qc8 f5 33. h4
Ra8 34. Qc5+ Bd6 35. Qc3 Ra2 36. Bc5 Be4 37. Bxd6+ Kxd6 38. Qd4+ Ke7 39. Qg7
Rxc2+ 40. Ke3 Bd5 41. b4 Rc4 42. Qxh7 Rxb4 43. Qg7 Rg4 44. Qh8 Rxg3+ 45. Kf2 f4
46. Qe5 Rg2+ 47. Kf1 f3 48. Qc7+ Kf6 49. Qd8+ Kf5 50. Qc7 Be4 51. Qxf7+ Ke5 52.
Qc7+ Kd4 53. Qb6+ Kc3 54. Qc5+ Kd2 55. Qb4+ Ke3 56. Qc5+ Kf4 57. Qd6+ Kf5 58.
Qf8+ Kg4 59. Qg8+ Kf4 60. Qf8+ Bf5 61. Qd6+ Kg4 62. Qd4+ Kh3 63. h5 Re2 64. Qf4
Bg4 65. h6 e5 66. Qg5 1-0

[Event "España ch-2015 sub-16"]
[Site "Salobreña ESP"]
[Date "2015.07.24"]
[Round "8.8"]
[White "Buiza Prieto, Eihartze"]
[Black "Ortega Lopez, Mikel"]
[Result "1/2-1/2"]
[WhiteElo "2095"]
[BlackElo "2141"]
[PlyCount "127"]
[EventDate "2015.07.20"]
[EventType "swiss"]
[EventRounds "9"]
[EventCountry "ESP"]
[Source "lmi"]
[SourceDate "2015.07.20"]

1. e4 c5 2. Nf3 Nc6 3. Bb5 g6 4. Bxc6 dxc6 5. d3 Bg7 6. O-O Nf6 7. h3 O-O 8.
Nc3 Ne8 9. Be3 b6 10. Qd2 Nc7 11. Bh6 Ne6 12. Bxg7 Kxg7 13. Ne2 Qc7 14. Rfd1
Ba6 15. c3 Rad8 16. Qe3 Rd7 17. Rd2 Rfd8 18. Rad1 h6 19. Nh2 Qe5 20. Qxh6+ Kxh6
21. Ng4+ Kg7 22. Nxe5 Rd6 23. Nc1 Ng5 24. f3 f6 25. Ng4 e5 26. Ne3 Ne6 27. b3
b5 28. Ne2 b4 29. c4 Bc8 30. Nc1 Nd4 31. a3 bxa3 32. Ra2 Nxb3 33. Rxa3 Nxc1 34.
Rxc1 Rxd3 35. Rxa7+ R8d7 36. Rxd7+ Bxd7 37. Kf2 Be6 38. Ra1 f5 39. exf5 gxf5
40. Ra7+ Kf6 41. Ra5 Ke7 42. Rxc5 Kd6 43. Ra5 Rc3 44. f4 exf4 45. Nxf5+ Kc7 46.
Nd4 Bxc4 47. Rf5 Kd6 48. Rxf4 Bd5 49. h4 Ke5 50. g3 Ra3 51. h5 c5 52. Ne2 c4
53. h6 Ra7 54. Nc3 Be6 55. Rh4 Bf5 56. Rxc4 Rh7 57. Rh4 Kf6 58. Nd5+ Kg5 59.
Ne3 Bg6 60. Ra4 Rf7+ 61. Kg2 Kxh6 62. Ng4+ Kg5 63. Ne5 Rf6 64. Rg4+ 1/2-1/2

[Event "España ch-2015 sub-16"]
[Site "Salobreña ESP"]
[Date "2015.07.24"]
[Round "8.9"]
[White "Orantes Taboada, Francisco"]
[Black "Ventura Bolet, Alexandre"]
[Result "1/2-1/2"]
[WhiteElo "2135"]
[BlackElo "2087"]
[PlyCount "114"]
[EventDate "2015.07.20"]
[EventType "swiss"]
[EventRounds "9"]
[EventCountry "ESP"]
[Source "lmi"]
[SourceDate "2015.07.20"]

1. d4 Nf6 2. Bg5 d5 3. Bxf6 exf6 4. g3 g6 5. Bg2 Bg7 6. Nf3 O-O 7. O-O Re8 8.
Nbd2 Nd7 9. c4 dxc4 10. Nxc4 Nb6 11. Nxb6 axb6 12. a3 c6 13. Rc1 f5 14. e3 Be6
15. Qc2 Bd5 16. Nd2 Bxg2 17. Kxg2 h5 18. Qc4 h4 19. Nf3 g5 20. gxh4 gxh4 21.
Rg1 f4 22. exf4 Re4 23. Kh1 Rxf4 24. Rg2 Rxf3 25. Rcg1 Qf8 26. d5 Rf6 27. dxc6
bxc6 28. Rxg7+ Qxg7 29. Rxg7+ Kxg7 30. Qxh4 Re8 31. Kg2 Rh8 32. Qd4 c5 33. Qe5
Rh4 34. Kg3 Rhh6 35. f4 Kf8 36. f5 Rd6 37. h4 Rd3+ 38. Kf2 Rxh4 39. f6 Rh2+ 40.
Ke1 Rhd2 41. Qh5 Rd1+ 42. Qxd1 Rxd1+ 43. Kxd1 Ke8 44. Kc2 Kd7 45. Kc3 Ke6 46.
Kc4 Kxf6 47. Kb5 Ke5 48. Kxb6 f5 49. a4 f4 50. a5 f3 51. a6 f2 52. a7 f1=Q 53.
a8=Q Qf6+ 54. Qc6 Qxc6+ 55. Kxc6 Kd4 56. b3 c4 57. bxc4 Ke5 1/2-1/2

[Event "España ch-2015 sub-16"]
[Site "Salobreña ESP"]
[Date "2015.07.24"]
[Round "8.10"]
[White "Esquivias Quintero, Luis Manuel"]
[Black "Salagran Ferragut, Guillem"]
[Result "1/2-1/2"]
[WhiteElo "2134"]
[BlackElo "1983"]
[PlyCount "132"]
[EventDate "2015.07.20"]
[EventType "swiss"]
[EventRounds "9"]
[EventCountry "ESP"]
[Source "lmi"]
[SourceDate "2015.07.20"]

1. e4 c5 2. Nc3 e6 3. Nf3 d6 4. d4 cxd4 5. Nxd4 Nf6 6. Be3 a6 7. Qd2 b5 8. f3
Nbd7 9. O-O-O Bb7 10. g4 Nb6 11. Bd3 Rc8 12. Kb1 Nfd7 13. g5 Be7 14. h4 Ne5 15.
Qe1 d5 16. Nce2 Nbc4 17. Bc1 Nd6 18. Bf4 Ng6 19. e5 Nc4 20. Bxc4 Rxc4 21. Bg3
Nf8 22. f4 g6 23. h5 Rg8 24. Rh2 b4 25. Qh1 Rc8 26. Bf2 a5 27. Be3 Ba6 28. Qf3
Qc7 29. hxg6 hxg6 30. Rh3 Bc5 31. Rc1 Rg7 32. Nb3 Bxe3 33. Qxe3 Rh7 34. Rxh7
Nxh7 35. Nbd4 Nf8 36. c3 Qb6 37. cxb4 Rxc1+ 38. Nxc1 axb4 39. Nf5 Qxe3 40. Nxe3
d4 41. Nd1 Kd7 42. Nb3 Kc6 43. Nxd4+ Kd5 44. Nc2 Ke4 45. Nxb4 Bb7 46. Nf2+ Kxf4
47. Nfd3+ Kxg5 48. Nc5 Ba8 49. Nbd3 Kh4 50. b4 g5 51. b5 g4 52. b6 g3 53. Ne1
Ng6 54. b7 Bxb7 55. Nxb7 Nxe5 56. a4 Nd3 57. Nf3+ Kg4 58. Ng1 f5 59. Kc2 Nb4+
60. Kd2 f4 61. Ke2 Nc6 62. Nf3 e5 63. Nc5 Kf5 64. Nh4+ Kg4 65. Nf3 Kf5 66. Nh4+
Kg4 1/2-1/2

[Event "España ch-2015 sub-16"]
[Site "Salobreña ESP"]
[Date "2015.07.24"]
[Round "8.11"]
[White "Galiana Fernandez, Adrian"]
[Black "Centron Antuna, Daniel"]
[Result "1/2-1/2"]
[WhiteElo "2004"]
[BlackElo "2113"]
[PlyCount "64"]
[EventDate "2015.07.20"]
[EventType "swiss"]
[EventRounds "9"]
[EventCountry "ESP"]
[Source "lmi"]
[SourceDate "2015.07.20"]

1. e4 d6 2. d4 Nf6 3. Nc3 g6 4. f4 Bg7 5. Nf3 O-O 6. Bd3 c5 7. dxc5 dxc5 8. O-O
Nc6 9. e5 Ng4 10. h3 Nh6 11. Be3 Nd4 12. Be4 Nxf3+ 13. Qxf3 Qa5 14. Nd5 e6 15.
Ne7+ Kh8 16. Nxc8 Raxc8 17. Bxb7 Rb8 18. Rab1 Nf5 19. Be4 Nxe3 20. Qxe3 Qxa2
21. Qxc5 Rfc8 22. Ra1 Qxb2 23. Qxa7 Kg8 24. Bd3 Bf8 25. Kh1 Bc5 26. Qa2 Qd4 27.
Rab1 Rxb1 28. Qxb1 Ra8 29. Qb7 Ra1 30. Qf3 Kg7 31. Rxa1 Qxa1+ 32. Qf1 Qa4
1/2-1/2

[Event "España ch-2015 sub-16"]
[Site "Salobreña ESP"]
[Date "2015.07.24"]
[Round "8.12"]
[White "Antunez Munoz, Ines"]
[Black "Perez Garcia, Alejandro"]
[Result "0-1"]
[WhiteElo "1873"]
[BlackElo "2322"]
[PlyCount "120"]
[EventDate "2015.07.20"]
[EventType "swiss"]
[EventRounds "9"]
[EventCountry "ESP"]
[Source "lmi"]
[SourceDate "2015.07.20"]

1. e4 d6 2. d4 Nf6 3. Nc3 e5 4. Nf3 Nbd7 5. Bc4 Be7 6. a4 O-O 7. O-O c6 8. Re1
b6 9. Ba2 a6 10. Qd3 Bb7 11. Ne2 c5 12. dxe5 Nxe5 13. Nxe5 dxe5 14. Qxd8 Rfxd8
15. Ng3 Nxe4 16. Nxe4 Bxe4 17. Bg5 Bxg5 18. Rxe4 Bf6 19. Rae1 b5 20. g3 Rab8
21. axb5 axb5 22. c3 g6 23. Bb3 c4 24. Bc2 Ra8 25. R4e2 Bg7 26. Be4 Ra6 27. g4
f6 28. h4 Bh6 29. Kg2 Bf4 30. Kh3 Kf7 31. h5 Kg7 32. hxg6 hxg6 33. Kg2 Kh6 34.
Kf3 Kg5 35. Rh1 f5 36. gxf5 gxf5 37. Rg1+ Kf6 38. Bc2 Rad6 39. Rge1 Rd2 40.
Rxd2 Rxd2 41. Re2 e4+ 42. Bxe4 fxe4+ 43. Rxe4 Be5 44. Re2 Rxe2 45. Kxe2 Kf5 46.
Ke3 Bg7 47. f4 Bf6 48. Kf3 Be7 49. Ke3 Bc5+ 50. Kf3 Ba7 51. Ke2 Kxf4 52. Kd2
Ke4 53. Kc2 Ke3 54. Kc1 Kd3 55. Kb1 Kd2 56. Ka2 Kc2 57. Ka3 Bc5+ 58. Ka2 Bd6
59. Ka1 Bf4 60. Ka2 Bg3 0-1

[Event "España ch-2015 sub-16"]
[Site "Salobreña ESP"]
[Date "2015.07.24"]
[Round "8.13"]
[White "Marquez Marvizon, Alejandra"]
[Black "Perez Tores, Juan Miguel"]
[Result "1/2-1/2"]
[WhiteElo "1968"]
[BlackElo "2129"]
[PlyCount "60"]
[EventDate "2015.07.20"]
[EventType "swiss"]
[EventRounds "9"]
[EventCountry "ESP"]
[Source "lmi"]
[SourceDate "2015.07.20"]

1. e4 g6 2. d4 d6 3. Nc3 Bg7 4. Be3 c6 5. a4 Nf6 6. h3 O-O 7. Nf3 Nbd7 8. a5 e5
9. dxe5 Nxe5 10. Nxe5 dxe5 11. Qxd8 Rxd8 12. Bc4 Re8 13. Ke2 Be6 14. Bxe6 Rxe6
15. Rhd1 Bf8 16. f3 Rd6 17. Rxd6 Bxd6 18. Na4 Kf8 19. Nc5 Bxc5 20. Bxc5+ Ke8
21. Bd6 Nd7 22. Ra3 Rc8 23. Kd2 Kd8 24. Ke2 Ke8 25. Kd2 Kd8 26. Ke2 Ke8 27. Kd2
Kd8 28. Ke2 Ke8 29. Kd2 Kd8 30. Ke2 Ke8 1/2-1/2

[Event "España ch-2015 sub-16"]
[Site "Salobreña ESP"]
[Date "2015.07.24"]
[Round "8.15"]
[White "Serra Canals, Oriol"]
[Black "Lagos Lejarraga, Jon"]
[Result "1-0"]
[WhiteElo "2100"]
[BlackElo "1965"]
[PlyCount "93"]
[EventDate "2015.07.20"]
[EventType "swiss"]
[EventRounds "9"]
[EventCountry "ESP"]
[Source "lmi"]
[SourceDate "2015.07.20"]

1. d4 d5 2. c4 e6 3. Nf3 Nf6 4. Nc3 Nbd7 5. Qc2 dxc4 6. e3 Nb6 7. Be2 a6 8. O-O
Be7 9. Rd1 O-O 10. a4 a5 11. e4 c6 12. Bf4 Re8 13. h3 Nfd7 14. Nd2 Bf6 15. e5
Be7 16. Nxc4 Nxc4 17. Bxc4 Qc7 18. Rac1 Nf8 19. Ne4 Rd8 20. Ba2 Ng6 21. Bg3 Ra6
22. Bb1 Rb6 23. h4 Rb4 24. h5 Nf8 25. Nd6 Bxd6 26. exd6 Qb6 27. Qe4 Rxb2 28.
Rc5 f5 29. Qd3 Rb3 30. Rc3 Rxc3 31. Qxc3 Nd7 32. Ba2 Nf6 33. h6 Ne4 34. Qf3 Qb2
35. Qxf5 Qxa2 36. Qxe4 Qd5 37. Qg4 Rd7 38. Be5 g6 39. Qg5 Rf7 40. Qd8+ Rf8 41.
Qc7 Rf7 42. Qxc8+ Rf8 43. Qxb7 Rf7 44. Qc8+ Rf8 45. Qd7 Rf7 46. Qe8+ Rf8 47. d7
1-0

[Event "España ch-2015 sub-16"]
[Site "Salobreña ESP"]
[Date "2015.07.24"]
[Round "8.16"]
[White "Henderson de La Fuente, Andrea"]
[Black "Alfaya Marcelo, Roberto"]
[Result "0-1"]
[WhiteElo "1947"]
[BlackElo "2097"]
[PlyCount "130"]
[EventDate "2015.07.20"]
[EventType "swiss"]
[EventRounds "9"]
[EventCountry "ESP"]
[Source "lmi"]
[SourceDate "2015.07.20"]

1. e4 c5 2. Nf3 d6 3. d3 Nc6 4. g3 g6 5. Bg2 Bg7 6. c3 Nf6 7. O-O O-O 8. Nbd2
Rb8 9. a4 a6 10. Re1 Qc7 11. Nf1 b5 12. axb5 axb5 13. Ne3 b4 14. Bd2 bxc3 15.
bxc3 Be6 16. Ng5 Bb3 17. Qe2 h6 18. Nh3 Be6 19. Nf4 Bd7 20. Nfd5 Nxd5 21. Nxd5
Qd8 22. f4 e6 23. Ne3 Na5 24. Rf1 Nb3 25. Rae1 Nxd2 26. Qxd2 Rb3 27. Rc1 Qa5
28. Nc4 Qc7 29. g4 f5 30. h3 Kh7 31. Rc2 Rfb8 32. Ra1 Bc6 33. Ne3 fxe4 34. dxe4
Rb1+ 35. Rc1 R8b2 36. Qe1 Rxa1 37. Rxa1 Qf7 38. f5 exf5 39. gxf5 gxf5 40. Nxf5
Qg6 41. Nh4 Qg5 42. Ra7 Rc2 43. Kh2 Kg8 44. Ra1 Bxc3 45. Qb1 Be5+ 46. Kg1 Rb2
47. Qe1 Qf4 48. Ra5 Bd4+ 49. Kh1 Be5 50. Kg1 Qh2+ 51. Kf1 Bb5+ 52. Rxb5 Rxb5
53. Nf3 Qf4 54. Qd1 Rb2 55. Qd5+ Kg7 56. Qd1 Qg3 57. Nd2 Qd3+ 58. Kg1 Qxd2 59.
Qg4+ Qg5 60. Qd7+ Kg8 61. Qe8+ Kh7 62. Qf7+ Bg7 63. Qf1 Qxg2+ 64. Qxg2 Rxg2+
65. Kxg2 Kg6 0-1